| 000 | 00000nam##2200000za#4500 |
| 001 | 9.664691 |
| 003 | CaOODSP |
| 005 | 20210615121758 |
| 007 | ta |
| 008 | 150407|1960||||xxc||||| f|0| 0 eng|d |
| 040 | |aCaOODSP|beng |
| 041 | |aeng |
| 041 | |afre |
| 043 | |an-cn--- |
| 086 | 1 |aCH37-4/5-1960 |
| 110 | 1 |aCanada.|bCanadian Heritage. |bHuman Rights Directorate. |
| 245 | 10|aCanadian Bill of Rights |
| 260 | |aOttawa - Ontario : |bCanadian Heritage. |c1960. |
| 300 | |a1 sheet. ; |c45 cm. |
| 546 | |aBiligual. |
| 563 | |aPoster |
| 590 | |a03-19|b2003-05-09 |
| 690 | 07|aHuman rights|2gcpds |
| 776 | 0#|tDéclaration canadienne des droits |w(CaOODSP)9.682162 |
| 776 | 0#|tCanadian Bill of Rights |w(CaOODSP)9.648910 |
| 792 | |tDéclaration canadienne des droits |efre|w(CaOODSP)9.664692 |